LEADER 01184nam a2200277 i 4500 001 000000137884 003 CaOOAMICUS 005 20050422000000.0 008 050422s2004 it u000 u ita u 013 $a111742 020 $a88-7357-343-6 040 $aSeMil$bita 100 1 $aCalduch-Benages, Núria,$d<1957- >.$0(OLS)http://semarc/name/35626 245 13$aLa preghiera dei saggi :$bla preghiera nel Pentateuco Sapienziale /$cNúria Calduch-Benages, Johan Yeong Sik Pahk. 260 $aRoma :$bAdP,$c2004. 300 $a162 p. ;$c22 cm. 490 0 $aBibbia e preghiera 500 $aContiene : Bibliografia. 650 4$aBibbia - AT - Preghiera.$0(OLS)http://semarc/subject/27126 700 1 $aPahk, Johan Yeong Sik.$0(OLS)http://semarc/name/55885 830 0$aBibbia e preghiera.$0(OLS)http://semarc/title/10788 850 $aSeMil 852 $aSeMil$W1$xVenegono$y1$m3F II 211$j91404$B91404$CSeMilBibl$Z2$F96637 $81 996 $6020$a88-7357-343-6$9(OLS)http://semarc/number/125725 996 $6245$aLa preghiera dei saggi :$bla preghiera nel Pentateuco Sapienziale$9(OLS)http://semarc/title/201486 996 $6260$aRoma :$bAdP$9(OLS)http://semarc/publisher/32136 LEADER 01165nam a2200289 i 4500 001 000000078873 003 CaOOAMICUS 005 20260306152227.0 008 170321s2017 it u000 u ita u 020 $a978-88-12-00576-5 040 $aSeMil$bita 245 13$aIl Quirinale. 250 $aNuova edizione. 264 1$aRoma :$bTreccani,$c2017. 300 $a277 p. :$bill. ;$c31 cm. 490 1 $aPalazzi d'Italia 500 $aCopia n. 531 di ed. num. di 2499 esemplari. - In custodia. 650 4$aItalia - Presidenti della Repubblica - Storia.$0(OLS)http://semarc/subject/48527 650 4$aRoma - Palazzo del Quirinale.$0(OLS)http://semarc/subject/23774 830 0$aPalazzi d'Italia.$0(OLS)http://semarc/title/422091 850 $aSeMil 852 $aSeMil$W1$xVenegono$y1$mSL1.K VII 32$j268074$B44672$CSeMilBibl$Z2$F46469 $8I 961 $aAcquisto: Treccani, Istituto della Enciclopedia Italiana 996 $6020$a978-88-12-00576-5$9(OLS)http://semarc/number/270150 996 $6245$aIl Quirinale$9(OLS)http://semarc/title/403013 996 $6264$aRoma :$bTreccani$9(OLS)http://semarc/publisher/52568